000 00869nam a22002897a 4500
003 CHAP
005 20220329134558.0
008 971013s1972 r 00010 d
010 _a22465
011 _a23437
035 _a27533
040 _cCHAP
082 _a629.8
_bA8
100 0 0 _aAu, Tung.
_98290
245 _aFundamentals of systems engineering
_b: probabilistic models
260 _aReading, Mass :
_bAddison Wesley,
_c1972
300 _a375 p
590 _aBATCH-UPD
_b10
_c20130110
_lUCH01
_h1434
590 _aBATCH-UPD
_b10
_c20130410
_lUCH01
_h0909
590 _aBATCH-UPD
_b10
_c20130914
_lUCH01
_h1640
590 _aCONVERSION
_b10
_c20130109
_lUCH01
_h1313
650 1 4 _aIngenierĂ­a de sistemas.
_958218
650 1 4 _aProbabilidades.
_991687
901 _aBK
942 _cLIBRO
949 _a629.8 A8
_bBC
_cLIBRO
_d33724000026415
_eLIBRO
_h34921
_i27533
_si
999 _c22465
_d22465